| 000 | 01456cad a22002295a 4500 | ||
|---|---|---|---|
| 001 | L142410 | ||
| 008 | 080212e20080208xxkd f s 000 0 eng u | ||
| 035 | _a(Sirsi) u142410 | ||
| 041 | _aeng | ||
| 050 | _a630 $2 18 | ||
| 110 | 2 |
_aRoyal Institution of Chartered Surveyors _bEconomics _95033 |
|
| 245 | 0 | 0 |
_aRICS rural land market survey Great Britain _bH2 2007 _h[electronic resource] |
| 260 |
_aLondon _bRICS _c2008 |
||
| 490 | 0 | 0 |
_aRICS Rural Land Market Survey Great Britain _vSecond Half 2007 |
| 520 | _aRural land prices rose at the strongest pace in the survey's history during the second half of 2007, increasing by 27.9% on a year earlier compared to an increase of 22.6% in the first half of the year. Increases in commodity prices have encouraged farmers to purchase land, resulting in demand far outstripping supply. British farmers are increasingly rivalling Irish and Danish buyers. However changes to the Capital Gains Tax in April may see more landowners looking to sell. The weighted average price of farm land rose to £10 949 per hectare, up from £9 929 in H1 2007. | ||
| 590 | _aKA | ||
| 650 | 2 | 4 | _aRICS RURAL LAND MARKET SURVEY GREAT BRITAIN |
| 651 | 4 |
_aGreat Britain _y1707- |
|
| 690 | _aPROPERTY-RURAL AND NATURAL ASSETS-RURAL AND NATURAL ASSET MARKET | ||
| 856 | 4 | 0 |
_uhttps://www.rics.org/profession-standards/knowledge-and-information-services/document-delivery-and-o _zemail [email protected] to request a copy |
| 942 | _n0 | ||
| 999 |
_c107882 _d107882 |
||